Online
Catalog

Campo de amor y de batalla / (Record no. 35941)

MARC details
000 -CABECERA
campo de control de longitud fija 00498nam a2200169 a 4500
001 - NÚMERO DE CONTROL
campo de control 000036450
005 - FECHA Y HORA DE LA ÚLTIMA TRANSACCIÓN
campo de control 20240305132925.0
008 - DATOS DE LONGITUD FIJA--INFORMACIÓN GENERAL
campo de control de longitud fija 120118s1984 cu 000 0 spa d
040 ## - FUENTE DE LA CATALOGACIÓN
Centro catalogador/agencia de origen DO-SdBNP
Lengua de catalogación spa
Centro/agencia transcriptor BNPHU
082 ## - NÚMERO DE LA CLASIFICACIÓN DECIMAL DEWEY
Número de clasificación xxxx
Número de documento/Ítem xxxx
100 1# - ENTRADA PRINCIPAL--NOMBRE DE PERSONA
Nombre de persona Fernández, Pablo Armando,
Fechas asociadas al nombre 1930-
9 (RLIN) 23418
245 10 - MENCIÓN DE TÍTULO
Título Campo de amor y de batalla /
Mención de responsabilidad, etc. Pablo Armando Fernández.
260 ## - PUBLICACIÓN, DISTRIBUCIÓN, ETC.
Lugar de publicación, distribución, etc. La Habana, :
Nombre del editor, distribuidor, etc. Letras cubanas,
Fecha de publicación, distribución, etc. 1984.
300 ## - DESCRIPCIÓN FÍSICA
Extensión 160 p. ;
Dimensiones 20 cm.
490 1# - MENCIÓN DE SERIE
Mención de serie Giraldilla
830 #0 - PUNTO DE ACCESO ADICIONAL DE SERIE-TÍTULO UNIFORME
Título uniforme Giraldilla
9 (RLIN) 8904
Holdings
Estado de retiro Estado de pérdida Restricciones de uso No para préstamo Código de colección Localización permanente Ubicación/localización actual Ubicación en estantería Fecha de adquisición Número de inventario Total de préstamos Signatura topográfica completa Código de barras Fecha visto por última vez Precio válido a partir de Tipo de ítem Koha
      Excluido de préstamo Monografías: Libros y Folletos General General Depósito 18.01.2012 LF1   xxxx xxxx 36451-10 25.06.2020 25.06.2020 No se presta

Powered by Koha